Statystyki dla Kogo to numer - polski rap #7

Kliknij tutaj aby rozwiązać quiz!

Ogólne statystyki

  • Ten quiz został rozwiązany 32 razy
  • Średni wynik to 5 z 10

Statystyki odpowiedzi

HintOdpowiedź% Poprawnych
Fake LoveSmolasty
89%
InimaniminimanimoYoung Igi
79%
drzewkoChivas
75%
Kap kapWhite2115 | Żabson x Young Igi
57%
TsunamiKizo
50%
Władza AbsolutnaSłoń
46%
Warsaw ViceAvi
43%
GeForcePRO8L3M
43%
Hello KittySzpaku
39%
Nisko jest nieboPezet
25%

Rozkład punktacji

Percentyl według liczby udzielonych odpowiedzi

Procent ludzi z każdym wynikiem

Twoja historia wyników

Nie rozwiązałeś tego quizu